000 00377nam a2200181Ia 4500
008 240510s9999 xx 000 0 und d
041 _atam
082 _a894.811
082 _bK14
100 _aKALKI
245 0 _aPonniyin Selvan
260 _bChennai,Vanathi Pathippakam
260 _c2013
300 _a1056 p.
650 _aNovel
942 _2ddc
942 _cLBK
999 _c29194
_d29194
945 _a1
_bMadushi Gamage
_c1
_dMadushi Gamage